Central Library OPAC University of Rajshahi

On liberty Representative government ; The subjection of women : (Record no. 45067)

MARC details
000 -LEADER
fixed length control field 01029nam a2200265 a 4500
001 - CONTROL NUMBER
control field 45067
003 - CONTROL NUMBER IDENTIFIER
rucl marc code BD-RjUL
005 - DATE AND TIME OF LATEST TRANSACTION
control field 20211209053946.0
008 - FIXED-LENGTH DATA ELEMENTS--GENERAL INFORMATION
fixed length control field 160722r1912 enk b 001 0 eng d
035 ## - SYSTEM CONTROL NUMBER
System control number (BD-RjUL)45185
040 ## - CATALOGING SOURCE
Original cataloging agency BD-RjUL
Language of cataloging eng
Transcribing agency BD-RjUL
Modifying agency BD-RjUL
041 ## - LANGUAGE CODE
Language code of text/sound track or separate title eng
082 ## - DEWEY DECIMAL CLASSIFICATION NUMBER
Edition number 23
Classification number 323.44
Author mark and year MIO 1963
100 1# - MAIN ENTRY--PERSONAL NAME
Personal name Mill, John Stuart
Dates associated with a name 1806-1873.
9 (RLIN) 138063
245 10 - TITLE STATEMENT
Title On liberty Representative government ; The subjection of women :
Remainder of title three essays /
Statement of responsibility, etc. by John Stuart Mill ; with an introduction by Millicent Garrett Fawcett.
260 ## - PUBLICATION, DISTRIBUTION, ETC. (IMPRINT)
Place of publication, distribution, etc. London :
Name of publisher, distributor, etc. Oxford University Press,
Date of publication, distribution, etc. 1912 [Reprinted 1942- 1963]
300 ## - PHYSICAL DESCRIPTION
Pagination xx, 548 p. ;
Size 16 cm.
500 ## - GENERAL NOTE
General note "In The World's classics first published in one volume in 1912"-- t.p. verso.
650 #0 - SUBJECT ADDED ENTRY--TOPICAL TERM
Topical term or geographic name as entry element Liberty.
9 (RLIN) 125356
Topical term or geographic name as entry element Representative government and representation.
9 (RLIN) 138064
Topical term or geographic name as entry element Women's rights.
9 (RLIN) 138065
700 1# - ADDED ENTRY--PERSONAL NAME
Personal name Fawcett, Millicent Garrett
Dates associated with a name 1847-1929.
830 #0 - SERIES ADDED ENTRY--UNIFORM TITLE
Uniform title World's classics ;
Volume number/sequential designation 170.
942 ## - ADDED ENTRY ELEMENTS (KOHA)
Source of classification or shelving scheme Dewey Decimal Classification
Koha item type Books
Holdings
Lost status Source of classification or shelving scheme Damaged status Not for loan Collection code Permanent Location Current Location Shelving location Date acquired Source of acquisition Cost, normal purchase price Total Checkouts Full call number Date last seen Copy number Koha item type
  Dewey Decimal Classification     Non-fiction Central Library, University of Rajshahi Central Library, University of Rajshahi   04/12/1965 Zeitlinger 8.60   323.44 MIO 1963 23/07/2016 C-2 Books
  Dewey Decimal Classification     Non-fiction Central Library, University of Rajshahi Central Library, University of Rajshahi   04/12/1965 Zeitlinger 8.60   323.44 MIO 1963 23/07/2016 C-3 Books
  Dewey Decimal Classification     Non-fiction Central Library, University of Rajshahi Central Library, University of Rajshahi   04/12/1965 Zeitlinger 8.60   323.44 MIO 1963 02/08/2016 C-4 Books
  Dewey Decimal Classification     Non-fiction Central Library, University of Rajshahi Central Library, University of Rajshahi   04/05/1967 Zeitlinger 8.60   323.44 MIO 1963 29/09/2016 C-5 Books
  Dewey Decimal Classification   Not For Loan Non-fiction Central Library, University of Rajshahi Central Library, University of Rajshahi Reading Room 24/07/1990 Shaukat Osman     323.44 MIO 1963 06/03/2019 C-1 Books